| 000 | 00562nam a2200193Ia 4500 | ||
|---|---|---|---|
| 999 |
_c34309 _d34309 |
||
| 003 | OSt | ||
| 005 | 20200903102443.0 | ||
| 008 | 190216s9999||||xx |||||||||||||| ||und|| | ||
| 020 | _c9788183987073 | ||
| 040 | _coclc | ||
| 082 |
_a531 _bGUP/C |
||
| 100 |
_aGupta, S L _91031 |
||
| 245 | 0 |
_aClassical Mechanics / _cS L Gupta ; V Kumar ; H V Sharma |
|
| 250 | _a25th Ed. | ||
| 260 |
_bPragathi Prakashan. _c2009. _aMeerut: |
||
| 300 | _a390p | ||
| 650 | _aClassical Mechanics Solid Mechanics | ||
| 942 |
_cBK _2ddc _h531 _iGUP/C _k531 _mGUP/C |
||